Modificación de conducta con niños y adolescentes: libros de casos

محفوظ في:
التفاصيل البيبلوغرافية
المؤلف الرئيسي: Méndez Carrillo, Francisco Xavier (autor)
التنسيق: كتاب
اللغة:الإسبانية
منشور في: Madrid Pirámide 1991
سلاسل:Colección Psicología
الموضوعات:
الوسوم: إضافة وسم
لا توجد وسوم, كن أول من يضع وسما على هذه التسجيلة!

MARC

LEADER 00000nam a2200000 a 4500
001 UCW7292
003 CL-VaPUC
008 921022e19910000SP |||||||||||||||||spa|d
082 0 4 |a 150.194  |b MEN  |2 21 
100 |a Méndez Carrillo, Francisco Xavier  |e autor  |9 407375 
245 1 0 |a Modificación de conducta con niños y adolescentes: libros de casos 
300 |a 487 p 
942 |c BK 
945 |d 19921022 00:00:00 
260 |a Madrid  |b Pirámide  |c 1991 
650 0 |a Conducta humana   |9 269906 
650 0 |a Conducta infantil  |9 309495 
650 7 |a CONDUCTA PSICOLOGIA  |2 CL-VaPUC  |9 307702 
650 7 |a CONDUCTA DESVIADA  |2 CL-VaPUC  |9 312440 
583 |a last modification  |c 19921022 00:00:00  |k Rodrigo Vera 
490 0 |a Colección Psicología 
999 |c 220095  |d 220093 
952 |0 0  |1 0  |4 0  |6 150_194000000000000_MEN_1991  |7 0  |8 A  |9 211880  |a BIBEDU  |b BIBEDU  |d 2019-11-15  |i 2801175  |l 2  |o 150.194 MEN 1991  |p 2801175  |r 2025-03-31  |s 2025-03-31  |w 2019-11-15  |y BK  |k EDU